Départements français par numéro - Statistiques

Statistiques générales
  • Ce quiz a été pris 93 fois
  • Le résultat moyen est 64 sur 96
Statistiques - réponses
Hint Réponse % Correct
01 Ain
92%
75 Paris
88%
42 Loire
87%
02 Aisne
85%
69 Rhône
83%
06 Alpes-Maritimes
79%
13 Bouches-du-Rhône
79%
14 Calvados
79%
2A Corse-du-Sud
79%
2B Haute-Corse
79%
59 Nord
79%
78 Yvelines
79%
09 Ariège
77%
33 Gironde
77%
12 Aveyron
75%
29 Finistère
75%
45 Loiret
75%
03 Allier
73%
10 Aube
73%
11 Aude
73%
18 Cher
73%
44 Loire-Atlantique
73%
77 Seine-et-Marne
73%
74 Haute-Savoie
71%
38 Isère
71%
07 Ardêche
69%
67 Bas-Rhin
69%
15 Cantal
69%
16 Charente
69%
25 Doubs
69%
30 Gard
69%
05 Hautes-Alpes
69%
68 Haut-Rhin
69%
73 Savoie
69%
83 Var
69%
27 Eure
67%
32 Gers
67%
41 Loir-et-Cher
67%
57 Moselle
67%
60 Oise
67%
62 Pas-de-Calais
67%
64 Pyrénées-Atlantiques
67%
76 Seine-Maritime
67%
81 Tarn
67%
17 Charente-Maritime
65%
19 Corrèze
65%
28 Eure-et-Loir
65%
31 Haute-Garonne
65%
65 Hautes-Pyrénées
65%
35 Île-et-Vilaine
65%
36 Indre
65%
37 Indre-et-Loire
65%
54 Meurthe-et-Moselle
65%
93 Seine-Saint-Denis
65%
80 Somme
65%
08 Ardennes
63%
22 Côtes d'Armor
63%
23 Creuse
63%
24 Dordogne
63%
34 Hérault
63%
46 Lot
63%
66 Pyrénées-Orientales
63%
82 Tarn-et-Garonne
63%
90 Territoire-de-Belfort
63%
84 Vaucluse
63%
26 Drôme
62%
40 Landes
62%
47 Lot-et-Garonne
62%
51 Marne
62%
56 Morbihan
62%
04 Alpes de Haute-Provence
60%
92 Hauts-de-Seine
60%
39 Jura
60%
49 Maine-et-Loire
60%
50 Manche
60%
61 Orne
60%
72 Sarthe
60%
86 Vienne
60%
89 Yonne
60%
91 Essone
58%
58 Nièvre
58%
95 Val d'Oise
58%
85 Vendée
58%
21 Côte-d'Or
56%
43 Haute-Loire
56%
55 Meuse
56%
87 Haute-Vienne
54%
48 Lozère
54%
53 Mayenne
54%
71 Saône-et-Loire
54%
88 Vosges
54%
52 Haute-Marne
52%
63 Puy-de-Dôme
52%
94 Val-de-Marne
52%
79 Deux-Sèvres
48%
70 Haute-Saône
46%
Aucun quiz correspondant
Distribution des résultats
% des personnes avec chaque résultat
Percentile par nombre de réponses
Votre historique - résultats
Vous n’avez pas pris ce quiz